00341cam a2200109 a 4500040000800000082002600008245003400034260008000068300004900148650001900197710001500216 cDLC00a634 DAM 1997 C145 Or.00aTropical fruits of Sri Lanka. aPeradeniya :bDept. of Agriculture, Ministry of Agriculture & Lands,c1997. a33, [3] p. :bcol. ill., col. maps ;c29 cm. 0aTropical fruit1 aSri Lanka.